000 00812nas a2200253 4500
001 BR0502526
003 BR-BrBNA
005 20231205105343.0
007 ta
008 230509b bl.|||p| |||| 00| 00por d
040 _aBR-BrBNA
_bpor
_cBiblioteca Nacional de Agricultura
041 _a(Pt)
072 _aF01
100 1 _aMascaro, U.C.P.
100 1 _aTeixeira, D.F.
100 1 _aGilbert, B.
245 1 _aAvaliação da sustentabilidade da coleta de frutos de "sucupira branca" (Pterodon emarginatus Vog.)após queda espontânea
650 _aSUCUPIRA
650 _aFRUTO
650 _aPRÁTICA CULTURAL
773 0 _tRevista Brasileira de Plantas Medicinais (Brazil)
_xISSN 1516-0572
_g(Oct 2004), v. 7(1) p. 23-25
_wBR0502526
909 _a202311
_bLúcia
_c55
_dLúcia Elande
942 _2AGRIS
_n0
_cANA
999 _c182520
_d182520